01452nam a22002657a 4500003000900000005001700009007000300026008003200029020001800061040002500079082003100104100002900135245016000164260006400324300003000388490004700418500007300465500007700538504003000615505032100645650005600966650006501022650005501087830004401142DO-SdBNP20260305073952.0ta210311b 2020 dr a 00| 0 eng d a9789945919059 aDO-SdBNPbspacBNPHU 4a332.497293bM938b 20202221 aMoya Pons, Frank,d1944-10a Breve historia monetaria de la República Dominicana, 1844-1948 : bevolución de la deuda pública y formación del Banco Central /cFrank Moya Pons. aSanto Domingo :bAcademia Dominicana de la Historia,c2020. a118 p. :bil. ; c22 cm. 1 aAcademia Dominicana de la Historia : v155 aIncluye referencias bibliográficas y notas al pie de las páginas aIncluye datos biográficos del autor en la solapa de la contracubierta. aBibliografía : p. 83-860 aPresentación 9 -- Las emisiones monetarias y la deuda pública en el siglo XIX, 11 -- La deuda y el protectorado americano 35 -- La Gran Depresión y la deuda externa 49 -- La creación del Banco Central 60 -- Los comienzos del Banco Central 79 -- Bibliografía 83 -- Apéndice: Monedas y billetes, 1844-1947. 4aMonedazRepública DominicanaxHistoriay1844-1948 4aDeuda públicazRepública DominicanaxHistoriay1844-1948 4aBancos centraleszRepública DominicanaxHistoria 0aAcademia Dominicana de la Historian155